Vainqueurs en Formule 1 - saison 2024. - Statistiques

Statistiques générales
  • Ce quiz a été pris 253 fois
  • Le résultat moyen est 7 sur 7
Statistiques - réponses
Victoires Pilotes Écuries % Correct
9 Max Verstappen Red Bull
100%
3 Charles Leclerc Ferrari
100%
2 Lewis Hamilton Mercedes
99%
4 Lando Norris McLaren
98%
2 Carlos Sainz Ferrari
97%
2 Oscar Piastri McLaren
96%
2 George Russell Mercedes
95%
Aucun quiz correspondant
Distribution des résultats
% des personnes avec chaque résultat
Percentile par nombre de réponses
Votre historique - résultats
Vous n’avez pas pris ce quiz